[Event "BL2-West 2122"]
[Site "Germany"]
[Date "2022.05.14"]
[Round "5.3"]
[White "Hengelbrock, Joachim"]
[Black "Schlecht, Daniel"]
[Result "1/2-1/2"]
[WhiteElo "2295"]
[BlackElo "2376"]
[PlyCount "23"]
[EventDate "2022.03.05"]
[EventType "team-tourn"]
[EventRounds "10"]
[EventCountry "GER"]
[SourceTitle "EXT 2023"]
[Source "ChessBase"]
[SourceDate "2022.10.05"]
[SourceVersion "1"]
[SourceVersionDate "2022.10.05"]
[SourceQuality "1"]
[WhiteTeam "Bochum"]
[BlackTeam "Solingen II"]
[WhiteTeamCountry "GER"]
[BlackTeamCountry "GER"]

1. Nf3 d5 2. c4 e6 3. b3 Nf6 4. g3 Be7 5. Bg2 0-0 6. 0-0 c5 7. cxd5 Nxd5 8. Bb2 Nc6 9. Nc3 Nxc3 10. Bxc3 Rb8 11. Rc1 b6 12. d4 1/2-1/2

[Event "BL2-West 2122"]
[Site "Germany"]
[Date "2022.05.01"]
[Round "4.5"]
[White "Chilla, Jan Eric"]
[Black "Hengelbrock, Joachim"]
[Result "1/2-1/2"]
[WhiteElo "2236"]
[BlackElo "2295"]
[PlyCount "32"]
[EventDate "2022.03.05"]
[EventType "team-tourn"]
[EventRounds "10"]
[EventCountry "GER"]
[SourceTitle "EXT 2023"]
[Source "ChessBase"]
[SourceDate "2022.10.05"]
[SourceVersion "1"]
[SourceVersionDate "2022.10.05"]
[SourceQuality "1"]
[WhiteTeam "Muenster"]
[BlackTeam "Bochum"]
[WhiteTeamCountry "GER"]
[BlackTeamCountry "GER"]

1. Nf3 d5 2. g3 c5 3. Bg2 Nc6 4. d4 Nf6 5. 0-0 e6 6. c4 Be7 7. cxd5 exd5 8. dxc5 Bxc5 9. a3 a5 10. Bg5 0-0 11. Nc3 d4 12. Nb5 Qb6 13. Qd3 Bd7 14. Bxf6 gxf6 15. a4 Rad8 16. Rac1 Be6 1/2-1/2

[Event "Oberliga NRW 1920"]
[Site "Germany"]
[Date "2019.10.13"]
[Round "2.4"]
[White "Straeter, Timo"]
[Black "Hengelbrock, Joachim"]
[Result "0-1"]
[WhiteElo "2316"]
[BlackElo "2271"]
[PlyCount "104"]
[EventDate "2019.09.15"]
[EventType "team-tourn"]
[EventRounds "9"]
[EventCountry "GER"]
[SourceTitle "CBM 195 Extra"]
[Source "ChessBase"]
[SourceDate "2020.05.31"]
[SourceVersion "1"]
[SourceVersionDate "2020.05.31"]
[SourceQuality "1"]
[WhiteTeam "Wattenscheid"]
[BlackTeam "Bochum SG"]
[WhiteTeamCountry "GER"]
[BlackTeamCountry "GER"]

1. d4 Nf6 2. Nf3 b6 3. Nc3 d5 4. Bg5 a6 5. e3 Nbd7 6. Bd3 Bb7 7. 0-0 c5 8. Ne5 c4 9. Be2 b5 10. Nxd7 Qxd7 11. a3 g6 12. Bf4 e6 13. Be5 Be7 14. Bf3 0-0 15. Re1 a5 16. Ne2 Ne8 17. Bf4 Bc6 18. Bh6 Ng7 19. Ng3 b4 20. e4 bxa3 21. bxa3 Bd6 22. Qd2 f6 23. Bf4 Be7 24. h4 f5 25. exf5 exf5 26. h5 Ne6 27. hxg6 hxg6 28. Qe3 Rf6 29. Be5 Re8 30. Ne2 g5 31. Bh5 Ref8 32. Bxf6 Rxf6 33. Nc3 Bd6 34. Bf3 Bf4 35. Qe2 Nxd4 36. Bxd5+ Qxd5 37. Qe8+ Bxe8 38. Nxd5 Re6 39. Nxf4 gxf4 40. c3 Ne2+ 41. Kf1 Bh5 42. f3 Ng3+ 43. Kf2 Rb6 44. Rab1 Rb3 45. Rxb3 cxb3 46. c4 Kf8 47. c5 Be8 48. Re6 a4 49. Ra6 Ne2 50. c6 b2 51. c7 Bd7 52. Rb6 Nc3 0-1

[Event "BL2-West 1718"]
[Site "Germany"]
[Date "2018.02.04"]
[Round "6.6"]
[White "Wolf, Volker"]
[Black "Hengelbrock, Joachim"]
[Result "1-0"]
[WhiteElo "2325"]
[BlackElo "2292"]
[PlyCount "81"]
[EventDate "2017.10.08"]
[EventType "team-tourn"]
[EventRounds "9"]
[EventCountry "GER"]
[SourceTitle "CBM 183 Extra"]
[Source "ChessBase"]
[SourceDate "2018.04.19"]
[SourceVersion "1"]
[SourceVersionDate "2018.04.19"]
[SourceQuality "1"]
[WhiteTeam "Koblenz"]
[BlackTeam "Bochum SG"]
[WhiteTeamCountry "GER"]
[BlackTeamCountry "GER"]

1. e4 c5 2. Nf3 d6 3. d4 cxd4 4. Nxd4 Nf6 5. Nc3 a6 6. a3 e5 7. Nf5 h6 8. Bc4 b5 9. Ba2 Nc6 10. 0-0 Bxf5 11. exf5 Be7 12. Be3 0-0 13. Qf3 Rc8 14. Rad1 Na5 15. h3 Nc4 16. Bc1 Qa5 17. Ne4 Qc7 18. Nxf6+ Bxf6 19. Qg4 Kh7 20. Bxc4 bxc4 21. Rd5 Rfd8 22. Qe4 Kg8 23. Bd2 Qc6 24. Rd1 Rd7 25. Bb4 Be7 26. Qg4 Rcd8 27. Kh1 Bf6 28. Bc3 Re8 29. h4 Kh7 30. Qe4 Rc8 31. g3 Kg8 32. Kg2 Rdd8 33. Kh3 Be7 34. Bxe5 Bf8 35. Bc3 Re8 36. Qg4 Kh7 37. Rxd6 Qc5 38. R6d2 f6 39. Qg6+ Kh8 40. Bb4 Qc6 41. Rd7 1-0

[Event "BL2-West 1617"]
[Site "Germany"]
[Date "2017.04.23"]
[Round "8.4"]
[White "Hengelbrock, Joachim"]
[Black "Siebrecht, Sebastian"]
[Result "0-1"]
[WhiteElo "2310"]
[BlackElo "2445"]
[PlyCount "72"]
[EventDate "2016.10.16"]
[EventType "team-tourn"]
[EventRounds "9"]
[EventCountry "GER"]
[SourceTitle "EXT 2018"]
[Source "ChessBase"]
[SourceDate "2017.10.13"]
[SourceVersion "1"]
[SourceVersionDate "2017.10.13"]
[SourceQuality "1"]
[WhiteTeam "Bochum"]
[BlackTeam "Katernberg"]
[WhiteTeamCountry "GER"]
[BlackTeamCountry "GER"]

1. d4 Nf6 2. c4 e6 3. Nf3 Bb4+ 4. Bd2 Qe7 5. Qc2 Nc6 6. a3 Bxd2+ 7. Nbxd2 a5 8. Rc1 0-0 9. e3 d6 10. g3 e5 11. d5 Nb8 12. Bg2 a4 13. c5 Nbd7 14. cxd6 cxd6 15. Nh4 Nc5 16. Nf5 Bxf5 17. Qxf5 e4 18. 0-0 g6 19. Qg5 Kg7 20. Rc4 Rfe8 21. Rd4 b5 22. f4 exf3 23. Rxf3 h6 24. Qf4 Nh5 25. Qh4 Qxh4 26. gxh4 Rab8 27. Bf1 Re5 28. e4 Nf6 29. Rf4 Re7 30. Rb4 g5 31. hxg5 hxg5 32. Rf3 Ncxe4 33. Re3 Nxd2 34. Rxe7 Nxd5 35. Rbe4 Nxe7 36. Rxe7 Kf6 0-1

[Event "BL2-West 1516"]
[Site "Germany"]
[Date "2016.04.10"]
[Round "9.6"]
[White "Nachbar, Benjamin"]
[Black "Hengelbrock, Joachim"]
[Result "0-1"]
[WhiteElo "2145"]
[BlackElo "2294"]
[PlyCount "90"]
[EventDate "2015.09.20"]
[EventType "team-tourn"]
[EventRounds "9"]
[EventCountry "GER"]
[SourceTitle "EXT 2017"]
[Source "ChessBase"]
[SourceDate "2016.10.25"]
[SourceVersion "1"]
[SourceVersionDate "2016.10.25"]
[SourceQuality "1"]
[WhiteTeam "Muelheim II"]
[BlackTeam "Bochum"]
[WhiteTeamCountry "GER"]
[BlackTeamCountry "GER"]

1. d4 c5 2. d5 Nf6 3. c4 e6 4. Nc3 exd5 5. cxd5 g6 6. Nf3 a6 7. e4 d6 8. h3 Bg7 9. Bd3 b5 10. 0-0 0-0 11. Bf4 Nh5 12. Bg5 Bf6 13. Be3 Nd7 14. Qd2 Bg7 15. Bg5 Nhf6 16. Rac1 Re8 17. Rfe1 Bb7 18. a3 c4 19. Bc2 Nc5 20. Nd4 Qb6 21. Rcd1 Nfd7 22. b4 Nd3 23. Nf3 Nxe1 24. Rxe1 Ne5 25. Nxe5 Bxe5 26. Be3 Qd8 27. f4 Bg7 28. Bd4 Qh4 29. Bxg7 Kxg7 30. Qd4+ Kg8 31. Rf1 Bc8 32. Qb6 Bxh3 33. Rf3 Bg4 34. g3 Qd8 35. Qxd8 Raxd8 36. Re3 f6 37. a4 bxa4 38. Bxa4 Bd7 39. Bc6 Re7 40. e5 Bxc6 41. dxc6 dxe5 42. Re4 Rd4 43. Rxd4 exd4 44. Nd5 Kf7 45. Kf2 Re8 0-1

[Event "BL2-West 1415"]
[Site "Germany"]
[Date "2015.01.18"]
[Round "5.6"]
[White "Hengelbrock, Joachim"]
[Black "Nazarenus, Moritz"]
[Result "1/2-1/2"]
[WhiteElo "2313"]
[BlackElo "2242"]
[PlyCount "65"]
[EventDate "2014.09.21"]
[EventType "team-tourn"]
[EventRounds "9"]
[EventCountry "GER"]
[SourceTitle "CBM 166 Extra"]
[Source "ChessBase"]
[SourceDate "2015.06.18"]
[SourceVersion "1"]
[SourceVersionDate "2015.06.18"]
[SourceQuality "1"]
[WhiteTeam "Bochum SV"]
[BlackTeam "Schoeneck"]
[WhiteTeamCountry "GER"]
[BlackTeamCountry "GER"]

1. e4 c6 2. Nc3 e5 3. Nf3 d6 4. d4 Nd7 5. Bc4 Be7 6. a4 h6 7. 0-0 Ngf6 8. Qe2 0-0 9. Rd1 Qc7 10. h3 Re8 11. d5 Nb6 12. a5 Nxc4 13. Qxc4 Bd7 14. Be3 Rec8 15. Qe2 cxd5 16. exd5 Qc4 17. Qxc4 Rxc4 18. Nd2 Rcc8 19. g4 h5 20. f3 g6 21. Ra3 hxg4 22. hxg4 Kg7 23. Rb3 Rc7 24. Kg2 Ng8 25. Rb4 f5 26. gxf5 gxf5 27. f4 Nf6 28. Nf3 Ng4 29. Bg1 Bf6 30. fxe5 Nxe5 31. Nxe5 Bxe5 32. Bd4 Bxd4 33. Rdxd4 1/2-1/2

[Event "BL2-West 1314"]
[Site "Germany"]
[Date "2014.03.16"]
[Round "8.7"]
[White "Hengelbrock, Joachim"]
[Black "Rotstein, Arkadij"]
[Result "0-1"]
[WhiteElo "2314"]
[BlackElo "2496"]
[PlyCount "82"]
[EventDate "2013.10.13"]
[EventType "team-tourn"]
[EventRounds "9"]
[EventCountry "GER"]
[SourceTitle "EXT 2015"]
[Source "ChessBase"]
[SourceDate "2014.11.20"]
[SourceVersion "1"]
[SourceVersionDate "2014.11.20"]
[SourceQuality "1"]
[WhiteTeam "Bochum SV 02"]
[BlackTeam "Koeln Porz"]
[WhiteTeamCountry "GER"]
[BlackTeamCountry "GER"]

1. d4 Nf6 2. Nf3 e6 3. g3 c5 4. Bg2 cxd4 5. Nxd4 a6 6. c4 Qc7 7. b3 Bb4+ 8. Bd2 Bc5 9. Bc3 Nc6 10. 0-0 h5 11. e3 h4 12. Nxc6 dxc6 13. b4 Be7 14. Nd2 hxg3 15. hxg3 e5 16. Ne4 Nxe4 17. Bxe4 Be6 18. c5 f5 19. Bg2 Bf6 20. Qe2 Qf7 21. Rfd1 Bc4 22. Qc2 Qh5 23. f3 Bd5 24. Kf2 Qxf3+ 25. Bxf3 Rh2+ 26. Kg1 Rxc2 27. Bxd5 cxd5 28. Rac1 Rxc1 29. Rxc1 Kd7 30. a4 Ke6 31. Bd2 Rc8 32. b5 e4 33. Kf2 Be5 34. Bb4 d4 35. c6 axb5 36. axb5 bxc6 37. bxc6 dxe3+ 38. Kxe3 Bxg3 39. Ba5 g5 40. Rc5 Bd6 41. Rc4 Kd5 0-1

[Event "BL2-West 1213"]
[Site "Germany"]
[Date "2013.01.13"]
[Round "5.5"]
[White "Hengelbrock, Joachim"]
[Black "Roeder, Mathias"]
[Result "1/2-1/2"]
[WhiteElo "2311"]
[BlackElo "2432"]
[PlyCount "25"]
[EventDate "2012.10.14"]
[EventType "team-tourn"]
[EventRounds "9"]
[EventCountry "GER"]
[SourceTitle "CBM 154 Extra"]
[Source "ChessBase"]
[SourceDate "2013.06.25"]
[SourceVersion "2"]
[SourceVersionDate "2013.06.25"]
[SourceQuality "1"]
[WhiteTeam "Bochum SV"]
[BlackTeam "Aachen Aufwaerts"]
[WhiteTeamCountry "GER"]
[BlackTeamCountry "GER"]

1. Nf3 Nf6 2. c4 b6 3. g3 c5 4. Bg2 Bb7 5. 0-0 e6 6. Nc3 Be7 7. Re1 Ne4 8. Qc2 Nxc3 9. dxc3 Nc6 10. e4 d6 11. h4 Qc7 12. Bf4 Ne5 13. Nxe5 1/2-1/2

[Event "BL2-West 1213"]
[Site "Germany"]
[Date "2012.11.11"]
[Round "2.6"]
[White "Hengelbrock, Joachim"]
[Black "Stahnecker, Ludwig"]
[Result "1/2-1/2"]
[WhiteElo "2311"]
[BlackElo "2110"]
[PlyCount "45"]
[EventDate "2012.10.14"]
[EventType "team-tourn"]
[EventRounds "9"]
[EventCountry "GER"]
[SourceTitle "CBM 154 Extra"]
[Source "ChessBase"]
[SourceDate "2013.06.25"]
[SourceVersion "2"]
[SourceVersionDate "2013.06.25"]
[SourceQuality "1"]
[WhiteTeam "Bochum SV"]
[BlackTeam "Koblenz"]
[WhiteTeamCountry "GER"]
[BlackTeamCountry "GER"]

1. Nf3 d5 2. c4 e6 3. d4 c6 4. Nbd2 Nf6 5. g3 Nbd7 6. Qc2 Bd6 7. Bg2 0-0 8. 0-0 Re8 9. Rd1 Qe7 10. e4 dxe4 11. Nxe4 Nxe4 12. Qxe4 e5 13. Bg5 f6 14. Be3 exd4 15. Qxe7 Bxe7 16. Bxd4 Bf8 17. Re1 Rxe1+ 18. Rxe1 Kf7 19. Bf1 Nc5 20. Be3 Bf5 21. Rd1 Re8 22. b3 a5 23. h3 1/2-1/2

[Event "BL2-West 1112"]
[Site "Germany"]
[Date "2012.04.15"]
[Round "9.7"]
[White "Mayer, Frank"]
[Black "Hengelbrock, Joachim"]
[Result "1/2-1/2"]
[WhiteElo "2204"]
[BlackElo "2299"]
[PlyCount "107"]
[EventDate "2011.10.02"]
[EventType "team-tourn"]
[EventRounds "9"]
[EventCountry "GER"]
[SourceTitle "EXT 2015"]
[Source "ChessBase"]
[SourceDate "2014.11.20"]
[SourceVersion "1"]
[SourceVersionDate "2014.11.20"]
[SourceQuality "1"]
[WhiteTeam "Wiesbaden"]
[BlackTeam "Bochum"]
[WhiteTeamCountry "GER"]
[BlackTeamCountry "GER"]

1. e4 c6 2. d4 d5 3. f3 e6 4. Be3 Qb6 5. Qc1 c5 6. dxc5 Bxc5 7. Bxc5 Qxc5 8. Qg5 Qb4+ 9. c3 Qf8 10. exd5 exd5 11. Qxd5 Nc6 12. Bb5 Bd7 13. Bxc6 Bxc6 14. Qe5+ Ne7 15. Nd2 f6 16. Qe3 Qf7 17. Nh3 0-0 18. 0-0 Rad8 19. Nb3 Rfe8 20. Qxa7 Bb5 21. Rfe1 Nc6 22. Qc5 Bc4 23. Na5 Nxa5 24. Qxa5 Rd2 25. b3 Ba6 26. c4 Red8 27. Nf2 Qg6 28. Rad1 Qc2 29. Qxd8+ Rxd8 30. Rxd8+ Kf7 31. Ra1 Qb2 32. Rdd1 b6 33. Nd3 Qd4+ 34. Kh1 Bc8 35. Nb4 Qf2 36. Nd5 Be6 37. Rf1 Qc5 38. Rfc1 Qf2 39. Rf1 Qc5 40. Rad1 g5 41. Nc3 h5 42. Ne4 Qa5 43. Rf2 Kg6 44. h3 f5 45. Nd6 g4 46. Re2 Kf6 47. Nb5 gxf3 48. gxf3 Bc8 49. h4 Qa8 50. Rd6+ Kf7 51. Rd3 Kf6 52. Rd6+ Kf7 53. Rd3 Kf6 54. Rd6+ 1/2-1/2

[Event "BL2-West 1112"]
[Site "Germany"]
[Date "2012.01.15"]
[Round "5.7"]
[White "Hengelbrock, Joachim"]
[Black "Andersen, Hans Christoph"]
[Result "1/2-1/2"]
[WhiteElo "2299"]
[BlackElo "2222"]
[PlyCount "41"]
[EventDate "2011.10.02"]
[EventType "team-tourn"]
[EventRounds "9"]
[EventCountry "GER"]
[SourceTitle "EXT 2015"]
[Source "ChessBase"]
[SourceDate "2014.11.20"]
[SourceVersion "1"]
[SourceVersionDate "2014.11.20"]
[SourceQuality "1"]
[WhiteTeam "Bochum"]
[BlackTeam "Godesberg"]
[WhiteTeamCountry "GER"]
[BlackTeamCountry "GER"]

1. d4 f5 2. Bg5 g6 3. Nd2 Bg7 4. c3 Nc6 5. f4 Nf6 6. e3 0-0 7. Bc4+ e6 8. Ngf3 Qe8 9. 0-0 b6 10. Qe2 Bb7 11. Ba6 Bxa6 12. Qxa6 d6 13. Rae1 Qd7 14. Bxf6 Bxf6 15. e4 Bg7 16. d5 Nd8 17. Qc4 fxe4 18. Rxe4 exd5 19. Qxd5+ Nf7 20. Rfe1 Rae8 21. g3 1/2-1/2

[Event "BL2-West 1112"]
[Site "Germany"]
[Date "2011.10.23"]
[Round "2.6"]
[White "Hengelbrock, Joachim"]
[Black "Van den Doel, Erik"]
[Result "1/2-1/2"]
[WhiteElo "2299"]
[BlackElo "2573"]
[PlyCount "47"]
[EventDate "2011.10.02"]
[EventType "team-tourn"]
[EventRounds "9"]
[EventCountry "GER"]
[SourceTitle "EXT 2015"]
[Source "ChessBase"]
[SourceDate "2014.11.20"]
[SourceVersion "1"]
[SourceVersionDate "2014.11.20"]
[SourceQuality "1"]
[WhiteTeam "Bochum"]
[BlackTeam "Koeln Porz"]
[WhiteTeamCountry "GER"]
[BlackTeamCountry "GER"]

1. d4 Nf6 2. c4 g6 3. Nc3 Bg7 4. Nf3 0-0 5. Bg5 d6 6. e3 h6 7. Bh4 c5 8. Be2 Bf5 9. h3 Ne4 10. g4 cxd4 11. exd4 Nxc3 12. bxc3 Bd7 13. Rb1 b6 14. Nd2 Nc6 15. f4 f5 16. 0-0 Rc8 17. g5 Qe8 18. Re1 e5 19. c5 bxc5 20. Nc4 cxd4 21. Nxd6 Qe7 22. Nxc8 Rxc8 23. Rb7 Qd6 24. fxe5 1/2-1/2

[Event "BL2-West 1112"]
[Site "Germany"]
[Date "2011.10.02"]
[Round "1.6"]
[White "Skulener, Wladimir"]
[Black "Hengelbrock, Joachim"]
[Result "1/2-1/2"]
[WhiteElo "2363"]
[BlackElo "2299"]
[PlyCount "46"]
[EventDate "2011.10.02"]
[EventType "team-tourn"]
[EventRounds "9"]
[EventCountry "GER"]
[SourceTitle "EXT 2015"]
[Source "ChessBase"]
[SourceDate "2014.11.20"]
[SourceVersion "1"]
[SourceVersionDate "2014.11.20"]
[SourceQuality "1"]
[WhiteTeam "Aachen"]
[BlackTeam "Bochum"]
[WhiteTeamCountry "GER"]
[BlackTeamCountry "GER"]

1. d4 e6 2. Nf3 Nf6 3. c4 b6 4. g3 Ba6 5. Nbd2 c6 6. Bg2 d5 7. b3 Be7 8. 0-0 0-0 9. Re1 Nbd7 10. e4 Rc8 11. Bb2 Re8 12. e5 Nh5 13. Bf1 Nb8 14. a3 g6 15. b4 Bxc4 16. Nxc4 dxc4 17. Bxc4 b5 18. Bb3 a5 19. Bc3 axb4 20. Bxb4 Bxb4 21. axb4 Re7 22. Qd2 Rd7 23. Qc3 Ng7 1/2-1/2

[Event "BL2-West 1011"]
[Site "Germany"]
[Date "2010.10.10"]
[Round "1.6"]
[White "Hengelbrock, Joachim"]
[Black "Fischdick, Gisela"]
[Result "1/2-1/2"]
[WhiteElo "2308"]
[BlackElo "2245"]
[PlyCount "34"]
[EventDate "2010.10.10"]
[EventType "team-tourn"]
[EventRounds "9"]
[EventCountry "GER"]
[SourceTitle "EXT 2012"]
[Source "ChessBase"]
[SourceDate "2011.11.24"]
[SourceVersion "1"]
[SourceVersionDate "2011.11.24"]
[SourceQuality "1"]
[WhiteTeam "Bochum SV"]
[BlackTeam "Gerresheim"]
[WhiteTeamCountry "GER"]
[BlackTeamCountry "GER"]

1. c4 c6 2. Nf3 d5 3. b3 Nf6 4. Bb2 Bf5 5. d3 h6 6. g3 e6 7. Bg2 Be7 8. 0-0 0-0 9. Nbd2 Nbd7 10. Re1 Bh7 11. a3 a5 12. Rc1 Qb6 13. d4 Rfd8 14. e3 Rdc8 15. h3 Qd8 16. Qe2 Rcb8 17. Red1 Qf8 1/2-1/2

[Event "Oberliga NRW 0809"]
[Site "Germany"]
[Date "2009.01.04"]
[Round "5.5"]
[White "Hengelbrock, Joachim"]
[Black "Stenzel, Thomas"]
[Result "1-0"]
[WhiteElo "2295"]
[BlackElo "2236"]
[PlyCount "69"]
[EventDate "2008.09.21"]
[EventType "team-tourn"]
[EventRounds "9"]
[EventCountry "GER"]
[SourceTitle "EXT 2010"]
[Source "ChessBase"]
[SourceDate "2010.11.25"]
[SourceVersion "1"]
[SourceVersionDate "2010.11.25"]
[SourceQuality "1"]
[WhiteTeam "Bochum"]
[BlackTeam "Godesberg II"]
[WhiteTeamCountry "GER"]
[BlackTeamCountry "GER"]

1. d4 d5 2. c4 Nc6 3. Nf3 Bg4 4. Nbd2 dxc4 5. e3 e5 6. Bxc4 Qf6 7. d5 Nd8 8. h3 Bd7 9. Qc2 Bd6 10. Ne4 Qe7 11. Nxd6+ cxd6 12. e4 h6 13. Be3 Nf6 14. Bd3 0-0 15. g4 Ne8 16. Qe2 b6 17. 0-0-0 Nb7 18. Rdg1 Nc5 19. Bc2 a5 20. g5 f5 21. exf5 Bxf5 22. Bxf5 Rxf5 23. Nh4 Rf7 24. Ng6 Qd7 25. gxh6 Qf5 26. Qc2 Nd3+ 27. Kd2 e4 28. Rg5 Qf3 29. Rhg1 Rc7 30. Qxc7 Nxc7 31. Nh4 Qf6 32. Rxg7+ Kf8 33. Rg8+ Kf7 34. R1g7+ Qxg7 35. Rxg7+ 1-0